Quiz o karierze klubowej piłkarzy #2 - Statystyki

Ogólne statystyki
  • Ten quiz został rozwiązany 481 razy
  • Średni wynik to 9 z 15
Statystyki odpowiedzi
Zagadnienie Odpowiedź % Poprawnych
W którym z wymienionych klubów nigdy nie zagrał Gareth Bale? Manchester United
86%
W którym z wymienionych klubów nigdy nie zagrał Son Heung-min? Vfl Wolfsburg
77%
W którym z wymienionych klubów nigdy nie zagrał Pepe? Fenerbahçe
74%
W którym z wymienionych klubów nigdy nie zagrał Grzegorz Krychowiak? Lille OSC
73%
W którym z wymienionych klubów nigdy nie zagrał Luka Modrić? Crvena Zvezda Belgrad
70%
W którym z wymienionych klubów nigdy nie zagrał Timo Werner? Borussia Mönchengladbach
63%
W którym z wymienionych klubów nigdy nie zagrał Dele Alli? Leeds United
62%
W którym z wymienionych klubów nigdy nie zagrał Radamel Falcao? Liverpool
60%
W którym z wymienionych klubów nigdy nie zagrał Frank Lampard? Aston Villa
51%
W którym z wymienionych klubów nigdy nie zagrał Nani? FC Porto
51%
W którym z wymienionych klubów nigdy nie zagrał Semir Štilić? Lechia Gdańsk
41%
W którym z wymienionych klubów nigdy nie zagrał Carlitos? Olympiakos
41%
W którym z wymienionych klubów nigdy nie zagrał Dusan Tadic? PSV Eindhoven
37%
W którym z wymienionych klubów nigdy nie zagrał Ludovic Obraniak? AS Monaco
36%
W którym z wymienionych klubów nigdy nie zagrał Dries Mertens? Club Brugge
32%
Nie znaleziono quizów pasujących do podanych kryteriów
Rozkład punktacji
Procent ludzi z każdym wynikiem
Percentyl według liczby udzielonych odpowiedzi
Twoja historia wyników
Nie rozwiązałeś tego quizu